00568 a2200109 4500001001000000005001700010008004100027245027500068100003900343773005900382999001700441ART_6362920260410161816.0260409a 10aDefensa de la universidad pública y notas sobre la enseñanza del derecho (penal), la academia, el legislador, la jurisprudencia y la "ciencia" del derecho penal. Discurso de agradecimiento por el nombramiento como profesor honorario de la universidad de buenos aires1 aDíaz y García Conlledo, Miguel0 tAcademiag- Año 22, N° 43 (ene./jun. 2024)wREV4314 c21923d21923